Danganronpa V3 OST Quiz - Statistics

General Stats
  • This quiz has been taken 7 times
  • The average score is 19 of 110
Answer Stats
Answer % Correct
DANGANRONPA FUTURE MIX V3
80%
DANGANRONPA reissue
80%
DANGANRONPA V3
80%
DANGANRONPA! V3!
80%
DANGANRONPA V3 - Full Version
80%
DANGANRONPA V3 - Loop Version
80%
Beautiful Lie
60%
Beautiful Lie (Ver.B)
60%
Clair de Lune from Suite bergamasque C.Debussy
60%
Climactic Re-enactment V3
60%
Despair Searching
60%
Hope Searching
60%
Let's Start the Killing Game
60%
Let's Start the Killing Game (from speaker)
60%
Mr. Monokuma After Class V3
60%
Bugs Panic
40%
Class Trial: Sun Edition V3
40%
Class Trial: Sun Edition V3 (Ver.B)
40%
Der Flohwalzer
40%
Mr. Monokuma's Lesson V3
40%
Rise and Shine, Ursine!
40%
V3 Argument -HOPE VS DESPAIR-
40%
V3 Argument -PANIC-
40%
Battle with Despair
20%
Battle with Final Despair
20%
Beautiful Lie in the Virtual World
20%
Cave Ordeal
20%
Class Trial: Dawn Edition Vol. 3
20%
Closing Argument V3
20%
DANGANVEGAS
20%
Dead body found A
20%
Dead body found B
20%
Dead body found C
20%
Despair Searching: Virtual World
20%
FINAL A.A.
20%
Hangman's Gambit ver 3.0
20%
Hope of Spring
20%
HYPER FINAL A.A.
20%
Island Ordeal
20%
MONOKUMA'Z
20%
MonoMono Slots
20%
New World Order V3
20%
OUTLAW RUN
20%
Pretitle A
20%
Pretitle B
20%
PSYCHE TAXI
20%
SALMON FISHING
20%
School Ordeal
20%
The End of DNG
20%
Treasure Hunter! MONOLITH
20%
V3 Argument - BREAK-
20%
V3 Argument -PERJURY-
20%
16 Makeover
0%
An agony thread
0%
Battle with True Despair
0%
Becoming Friends
0%
Caged Child - Instrumental
0%
Chapter A
0%
Chapter B
0%
Chapter C
0%
Class Trial: Resurrection Edition
0%
Class Trial: Resurrection Edition (no intro)
0%
Class Trial: Space Edition
0%
Cool Morning
0%
Dangan Growth Plan
0%
Darkness Time
0%
Dead body found D
0%
Dead body found E
0%
Death Road of Despair
0%
Death Road of Hope
0%
Debate Scrum
0%
Destruction of ...
0%
Rise of the Ultimates
0%
DX Growth Plan
0%
EXISAL TRIBE
0%
Finding Peace Party
0%
Flashback Light
0%
Heartless Journey
0%
Heaven of Almost Hell
0%
Hope of Autumn
0%
Hope of Summer
0%
Hope of Winter
0%
HYPER FINAL ULTRA A.A.
0%
HYPER NEW A.A. (Ch.1)
0%
HYPER ULTRA NEW A.A. (Ch.1)
0%
Immersion Picture Scrolls
0%
Killing Game Completion Ceremony
0%
Living in a Lazy Parallel World
0%
Living in Lazy Parallel World - Short Ver.
0%
Mind Mine
0%
Monokuma's Trial
0%
Moon on the Water
0%
Mr.Monokuma Appearance
0%
NEW A.A. (Ch.1)
0%
New Classmates of the Dead
0%
New Space Journey
0%
Nightmare in the Locker
0%
Our Class Trial
0%
REAL / FICTION
0%
Season of Despair
0%
Sing the Empty Truth
0%
Spirit, Praise, and Beauty
0%
Talent Selection
0%
Trial END
0%
Trial Preparation
0%
V3 Argument -BLADE LOCK-
0%
V3 Argument -TURN UP THE HEAT-
0%
V3 Gallery Music
0%
Vote slot
0%
Wonderful Story
0%
No matching quizzes found
Score Distribution
Percent of People with Each Score
Percentile by Number Answered
Your Score History
You have not taken this quiz